Deux pays les plus peuplés par régions - Statistiques

Statistiques générales
  • Ce quiz a été pris 60 fois
  • Le résultat moyen est 15 sur 20
Statistiques - réponses
Région du monde Pays % Correct
Asie du Sud 1 Inde
98%
Europe de l'Est 1 Russie
93%
Amérique du Sud 1 Brésil
86%
Afrique du Nord 1 Egypte
86%
Afrique du Nord 2 Algérie
85%
Asie du Sud 2 Pakistan
85%
Afrique centrale 1 RD Congo
80%
Amérique du Sud 2 Colombie
78%
Europe du Nord 1 Suède
76%
Europe de l'Est 2 Ukraine
76%
Afrique australe 1 Afrique du Sud
75%
Europe du Nord 2 Danemark
71%
Asie centrale 2 Kazakhstan
68%
Antilles 2 Cuba
66%
Amérique centrale 2 Honduras
66%
Antilles 1 Haïti
63%
Amérique centrale 1 Guatemala
61%
Afrique australe 2 Mozambique
51%
Asie centrale 1 Ouzbékistan
49%
Afrique centrale 2 Angola
46%
Aucun quiz correspondant
Distribution des résultats
% des personnes avec chaque résultat
Percentile par nombre de réponses
Votre historique - résultats
Vous n’avez pas pris ce quiz